[Event "24th PKWN Festival it"]
[Site "Naleczow POL"]
[Date "1988.07.??"]
[Round "1"]
[White "Przewoznik, Jan"]
[Black "Tomaszewski, Roman"]
[Result "1-0"]
[WhiteElo "2370"]
[BlackElo "2360"]
[EventDate "1988.07.15"]
[PlyCount "107"]

1.e4 c6 2.d4 d5 3.Nd2 dxe4 4.Nxe4 Nd7 5.Ng5 Ngf6 6.Bd3 e6 7.N1f3 Bd6 8.O-O
h6 9.Ne4 Nxe4 10.Bxe4 Nf6 11.Bd3 O-O 12.Qe2 Qc7 13.c3 c5 14.dxc5 Bxc5 15.
Ne5 b6 16.Bf4 Bd6 17.Rad1 Bb7 18.Rfe1 Rad8 19.Bg3 Ba8 20.Bb1 Qb7 21.f3 
Bc5+ 22.Kh1 Rxd1 23.Rxd1 Be7 24.Bh4 Rd8 25.Rxd8+ Bxd8 26.Qd3 Qd5 27.Qxd5 
Bxd5 28.c4 Bb7 29.b4 Bc7 30.Nd3 Kf8 31.Kg1 Nd7 32.Bf2 Bd6 33.Bc2 Ke8 34.
Ba4 Ba6 35.Bxd7+ Kxd7 36.b5 Bc8 37.c5 bxc5 38.Nxc5+ Bxc5 39.Bxc5 a6 40.
bxa6 Bxa6 41.Bf8 h5 42.Bxg7 f5 43.Kf2 Kd6 44.f4 Bc4 45.a4 Kc6 46.Kg3 Be2 
47.Kh4 Kd7 48.Kg5 Kc6 49.Bd4 Kd7 50.a5 Kc6 51.a6 Bxa6 52.Kxh5 Bf1 53.Kg6 
Kd5 54.Be5 1-0

[Event "24th PKWN Festival it"]
[Site "Naleczow POL"]
[Date "1988.07.??"]
[Round "1"]
[White "Solozhenkin, Evgeniy"]
[Black "Petkevics, Juzefs"]
[Result "1/2-1/2"]
[WhiteElo "2400"]
[BlackElo "2465"]
[EventDate "1988.07.15"]
[PlyCount "61"]

1.e4 e5 2.Nf3 Nc6 3.Bb5 Nf6 4.O-O Bc5 5.Nxe5 Nxe5 6.d4 a6 7.Ba4 Nxe4 8.Qe2
Be7 9.Qxe4 Ng6 10.c4 O-O 11.Nc3 c6 12.Qd3 b5 13.Bb3 bxc4 14.Bxc4 d5 15.Bb3
a5 16.Re1 Bd6 17.Be3 Nh4 18.Bc2 Bf5 19.Qd2 Qb8 20.Bg5 Qxb2 21.Bxf5 Qxd2 
22.Bxh7+ Kxh7 23.Bxd2 Nf5 24.Ne2 Bb4 25.Red1 Rfe8 26.Kf1 Nd6 27.Nc1 Bxd2 
28.Rxd2 Nc4 29.Rc2 Re4 30.Nb3 Rae8 31.Rac1 1/2-1/2

[Event "24th PKWN Festival it"]
[Site "Naleczow POL"]
[Date "1988.07.??"]
[Round "1"]
[White "Szymczak, Zbigniew"]
[Black "Pandavos, Emanouel"]
[Result "1-0"]
[WhiteElo "2340"]
[BlackElo "2410"]
[EventDate "1988.07.15"]
[PlyCount "64"]

1.e4 e5 2.Nf3 Nf6 3.Nxe5 d6 4.Nf3 Nxe4 5.c4 Nc6 6.Nc3 Nxc3 7.bxc3 Be7 8.d4
Bf5 9.d5 Nb8 10.Nd4 Qd7 11.Be3 O-O 12.Nxf5 Qxf5 13.Bd3 Qc8 14.Rb1 b6 15.
Bd4 Qd8 16.Bxg7 Kxg7 17.Qg4+ Kh6 18.Qh3+ Bh4 19.g3 Re8+ 20.Kf1 Qf6 21.gxh4
Kg7 22.Rg1+ Kh8 23.Rg5 Na6 24.Rf5 Qg7 25.Qf3 f6 26.Rh5 f5 27.Bxf5 Rf8 28.
Qh3 h6 29.Re1 Rf6 30.Re6 Raf8 31.Qe3 Rxe6 32.dxe6 Nc5 1-0

[Event "24th PKWN Festival it"]
[Site "Naleczow POL"]
[Date "1988.07.??"]
[Round "2"]
[White "Barbulescu, Dan"]
[Black "Solozhenkin, Evgeniy"]
[Result "0-1"]
[WhiteElo "2445"]
[BlackElo "2400"]
[EventDate "1988.07.15"]
[PlyCount "76"]

1.e4 e5 2.Nf3 Nc6 3.Bb5 a6 4.Ba4 Nf6 5.O-O Be7 6.Re1 b5 7.Bb3 d6 8.c3 O-O 
9.h3 Re8 10.Ng5 Rf8 11.d4 Bb7 12.Nf3 Re8 13.Ng5 Rf8 14.Nf3 Qd7 15.Nbd2 
Rae8 16.Nf1 exd4 17.cxd4 Na5 18.Bc2 d5 19.e5 Ne4 20.N1d2 f5 21.exf6 Bxf6 
22.Nxe4 dxe4 23.Ne5 Bxe5 24.dxe5 Qf7 25.Be3 Rxe5 26.Bd4 Rg5 27.Bxe4 c5 28.
Qd2 h6 29.Qxa5 Bxe4 30.Rxe4 cxd4 31.f4 Rg6 32.Qd2 Qf5 33.Rxd4 Qxh3 34.Re1 
Kh7 35.Re2 Qf5 36.Qc2 Qg4 37.Qe4 Rxf4 38.Qxf4 Qxe2 0-1

[Event "24th PKWN Festival it"]
[Site "Naleczow POL"]
[Date "1988.07.??"]
[Round "2"]
[White "Hawelko, Marek"]
[Black "Paunovic, Tomislav"]
[Result "1/2-1/2"]
[WhiteElo "2410"]
[BlackElo "2420"]
[EventDate "1988.07.15"]
[PlyCount "69"]

1.e4 c5 2.Nf3 d6 3.d4 cxd4 4.Nxd4 Nf6 5.Nc3 a6 6.Be3 e5 7.Nb3 Be7 8.Be2 
Be6 9.f4 exf4 10.Bxf4 Nc6 11.Qd2 Ne5 12.O-O-O Rc8 13.Kb1 O-O 14.Qe3 Qc7 
15.h3 b5 16.Rd2 Nfd7 17.Nd4 Nb6 18.Qg3 Nbc4 19.Bxc4 Nxc4 20.Rd3 b4 21.Nd5 
Bxd5 22.exd5 Bf6 23.Rc1 Kh8 24.Bg5 Be5 25.Bf4 Bf6 26.Bg5 Bxd4 27.Rxd4 Qb6 
28.Qf4 Qc5 29.Bf6 Rg8 30.Qh6 gxf6 31.Qxf6+ Rg7 32.Rg4 Rg8 33.Rxg7 Rxg7 34.
Qd8+ Rg8 35.Qf6+ 1/2-1/2

[Event "24th PKWN Festival it"]
[Site "Naleczow POL"]
[Date "1988.07.??"]
[Round "2"]
[White "Petkevics, Juzefs"]
[Black "Szymczak, Zbigniew"]
[Result "1/2-1/2"]
[WhiteElo "2465"]
[BlackElo "2340"]
[EventDate "1988.07.15"]
[PlyCount "45"]

1.Nf3 Nf6 2.b3 d6 3.Bb2 e5 4.c4 g6 5.g3 Bg7 6.Bg2 O-O 7.O-O c6 8.Nc3 Nbd7 
9.d4 Re8 10.e4 exd4 11.Nxd4 Nc5 12.Qc2 Qb6 13.Rfe1 Ng4 14.Red1 Ne5 15.Nce2
Ncd3 16.Rxd3 Nxd3 17.Qxd3 c5 18.Nf4 cxd4 19.Nd5 Qd8 20.Bxd4 Be6 21.Bxg7 
Kxg7 22.Qc3+ f6 23.Nf4 1/2-1/2

[Event "24th PKWN Festival it"]
[Site "Naleczow POL"]
[Date "1988.07.??"]
[Round "2"]
[White "Schoen, Wolfram"]
[Black "Andonov, Bogomil"]
[Result "1/2-1/2"]
[WhiteElo "2430"]
[BlackElo "2415"]
[EventDate "1988.07.15"]
[PlyCount "75"]

1.e4 c5 2.Nf3 Nc6 3.d3 Nf6 4.Nbd2 d5 5.c3 Qc7 6.h3 g6 7.g3 Bg7 8.Bg2 b6 9.
O-O Ba6 10.Re1 Bxd3 11.exd5 Nxd5 12.Ng5 Rd8 13.Nxf7 Kxf7 14.Nf3 c4 15.Ng5+
Kg8 16.Ne6 Qd6 17.Nxd8 Nxd8 18.Qf3 Nc7 19.h4 h6 20.h5 g5 21.Qg4 Nd5 22.
Bxd5+ Qxd5 23.Rxe7 Bf5 24.Qe2 Nc6 25.Re8+ Kf7 26.Rxh8 Ne5 27.f4 Bg4 28.Qc2
Nf3+ 29.Kf2 Bxh8 30.Qg6+ Kf8 31.Be3 Ne5 32.fxe5 Qf3+ 33.Kg1 Qxe3+ 34.Kg2 
Qe2+ 35.Kg1 Qe3+ 36.Kh2 Qe2+ 37.Kg1 Qe3+ 38.Kg2 1/2-1/2

[Event "24th PKWN Festival it"]
[Site "Naleczow POL"]
[Date "1988.07.??"]
[Round "2"]
[White "Tomaszewski, Roman"]
[Black "Pandavos, Emanouel"]
[Result "0-1"]
[WhiteElo "2360"]
[BlackElo "2410"]
[EventDate "1988.07.15"]
[PlyCount "154"]

1.d4 Nf6 2.c4 e6 3.Nc3 d5 4.cxd5 exd5 5.Bg5 Be7 6.e3 c6 7.Qc2 Nbd7 8.Bd3 
Nf8 9.Nge2 Be6 10.h3 Nh5 11.Bxe7 Qxe7 12.g4 Nf6 13.O-O-O O-O-O 14.Kb1 Kb8 
15.Ng3 Ne8 16.f4 f6 17.Rhe1 Qc7 18.Qf2 Bf7 19.h4 Nd6 20.g5 Nd7 21.Rc1 Rde8
22.f5 Nb6 23.e4 dxe4 24.Ncxe4 Nd5 25.Nxd6 Qxd6 26.Bc4 Rxe1 27.Rxe1 Rd8 28.
Ne4 Qf8 29.Qg3+ Ka8 30.g6 hxg6 31.fxg6 Bg8 32.Nc5 Re8 33.a3 b6 34.Na6 Kb7 
35.h5 f5 36.Rc1 f4 37.Qg4 Be6 38.Qg5 Qf5+ 39.Qxf5 Bxf5+ 40.Ka2 Ne3 41.Be2 
Nc2 42.Bc4 Nxd4 43.h6 gxh6 44.Bf7 Be6+ 45.Bxe6 Rxe6 46.Rg1 Nf5 47.Nb4 Ng3 
48.Nd3 Rxg6 49.Nxf4 Rg5 50.Ne6 Rg4 51.Rd1 c5 52.Rd7+ Ka6 53.Nc7+ Ka5 54.
Nd5 Ka6 55.Nc7+ Kb7 56.Ne8+ Kc6 57.Rd6+ Kb5 58.Nc7+ Kc4 59.Rxh6 Ne2 60.Rh3
Rg3 61.Rxg3 Nxg3 62.b3+ Kd3 63.Kb2 Ne2 64.Nb5 a6 65.Nc7 a5 66.a4 Nc3 67.
Ne6 Nd1+ 68.Kc1 Nc3 69.Kb2 Nd5 70.Ng5 c4 71.bxc4 Kxc4 72.Ka3 Nc3 73.Nf3 
Nd5 74.Nd2+ Kd3 75.Nf3 Kc3 76.Ne5 Ne3 77.Nc6 Nc2+ 0-1

[Event "24th PKWN Festival it"]
[Site "Naleczow POL"]
[Date "1988.07.??"]
[Round "3"]
[White "Andonov, Bogomil"]
[Black "Przewoznik, Jan"]
[Result "1-0"]
[WhiteElo "2415"]
[BlackElo "2370"]
[EventDate "1988.07.15"]
[PlyCount "49"]

1.Nf3 Nf6 2.c4 g6 3.Nc3 Bg7 4.e4 d6 5.d4 O-O 6.h3 e5 7.d5 Nbd7 8.Bg5 h6 9.
Be3 Nc5 10.Nd2 a5 11.g4 Ne8 12.h4 f5 13.gxf5 gxf5 14.Bxc5 dxc5 15.Qe2 Nd6 
16.Bh3 Qxh4 17.O-O-O Qe7 18.Rdg1 Rf7 19.Qh5 Kf8 20.Rh2 f4 21.Bxc8 Nxc8 22.
Rhg2 Qd6 23.Qxf7+ Kxf7 24.Rxg7+ Ke8 25.R1g6 1-0

[Event "24th PKWN Festival it"]
[Site "Naleczow POL"]
[Date "1988.07.??"]
[Round "3"]
[White "Gdanski, Jacek"]
[Black "Tomaszewski, Roman"]
[Result "1-0"]
[WhiteElo "2395"]
[BlackElo "2360"]
[EventDate "1988.07.15"]
[PlyCount "77"]

1.e4 Nf6 2.e5 Nd5 3.d4 d6 4.Nf3 dxe5 5.Nxe5 g6 6.c4 Nb6 7.Nc3 Bg7 8.Be3 
O-O 9.f4 N6d7 10.Qf3 c5 11.O-O-O Qa5 12.Nxd7 Nxd7 13.Bf2 Rb8 14.Be2 cxd4 
15.Bxd4 e5 16.fxe5 Nxe5 17.Qd5 Qxd5 18.Nxd5 b6 19.Rhe1 Be6 20.Bf1 Nc6 21.
Bxg7 Kxg7 22.b3 Rbd8 23.Kb2 g5 24.Kc3 Rd7 25.g3 Rfd8 26.Bg2 Ne7 27.Ne3 
Rxd1 28.Nxd1 Nf5 29.a3 h5 30.Ne3 Nxe3 31.Rxe3 Rd1 32.Bf3 Ra1 33.Bxh5 Rxa3 
34.Kb2 Ra5 35.Bf3 Rc5 36.Be2 Rf5 37.Bf3 Rc5 38.Kc3 Rc7 39.Be2 1-0

[Event "24th PKWN Festival it"]
[Site "Naleczow POL"]
[Date "1988.07.??"]
[Round "3"]
[White "Palkovi, Jozsef"]
[Black "Hawelko, Marek"]
[Result "1-0"]
[WhiteElo "2425"]
[BlackElo "2410"]
[EventDate "1988.07.15"]
[PlyCount "75"]

1.e4 c5 2.Nf3 d6 3.d4 cxd4 4.Nxd4 Nf6 5.Nc3 e6 6.g4 h6 7.g5 hxg5 8.Bxg5 
Nc6 9.Qd2 Qb6 10.Nb3 a6 11.O-O-O Qc7 12.h4 Be7 13.Be2 b5 14.a3 Bb7 15.f4 
O-O-O 16.Bf3 g6 17.Qf2 Kb8 18.f5 Ne5 19.fxe6 fxe6 20.Nd4 Bc8 21.Bg2 Rdf8 
22.Qe1 Nfg4 23.Bxe7 Qxe7 24.Qg3 Bd7 25.Nf3 Nxf3 26.Bxf3 Ne5 27.Be2 Bc6 28.
Qe3 Kb7 29.Rd4 Rxh4 30.Rhd1 Nf7 31.a4 e5 32.Rb4 d5 33.exd5 Rxb4 34.dxc6+ 
Kxc6 35.Nd5 Qc5 36.Nxb4+ Qxb4 37.Bf3+ e4 38.Bxe4+ 1-0

[Event "24th PKWN Festival it"]
[Site "Naleczow POL"]
[Date "1988.07.??"]
[Round "3"]
[White "Paunovic, Tomislav"]
[Black "Schoen, Wolfram"]
[Result "0-1"]
[WhiteElo "2420"]
[BlackElo "2430"]
[EventDate "1988.07.15"]
[PlyCount "82"]

1.Nf3 c5 2.g3 d5 3.Bg2 Nc6 4.d4 Nf6 5.O-O Bg4 6.Ne5 cxd4 7.Nxg4 Nxg4 8.c3 
e6 9.e4 Nf6 10.exd5 Nxd5 11.c4 Bb4 12.Qd3 O-O 13.Nc3 Nde7 14.Rd1 Qa5 15.
Be4 h6 16.a3 Rfd8 17.Rb1 Bd6 18.b4 Qc7 19.Bb2 a6 20.Rbc1 Be5 21.Ne2 Bf6 
22.Qb3 Qd6 23.Bb1 Nd5 24.h4 h5 25.Qf3 g6 26.g4 hxg4 27.Qxg4 Bg7 28.Rd3 
Nce7 29.Rcd1 Nf5 30.Rf3 Qe7 31.Rh3 Nf6 32.Qg2 Nh5 33.Bxf5 exf5 34.Re3 Qxh4
35.Qxb7 f4 36.Re4 Qg4+ 37.Kh2 Nf6 38.Re7 f3 39.Ng3 Rab8 40.Qxa6 Qh4+ 41.
Kg1 Ng4 0-1

[Event "24th PKWN Festival it"]
[Site "Naleczow POL"]
[Date "1988.07.??"]
[Round "3"]
[White "Szymczak, Zbigniew"]
[Black "Barbulescu, Dan"]
[Result "1/2-1/2"]
[WhiteElo "2340"]
[BlackElo "2445"]
[EventDate "1988.07.15"]
[PlyCount "50"]

1.d4 Nf6 2.c4 e6 3.Nf3 b6 4.Nc3 Bb7 5.a3 d5 6.cxd5 exd5 7.g3 Be7 8.Bg2 O-O
9.O-O c5 10.Bf4 Na6 11.Ne5 Nc7 12.dxc5 bxc5 13.b4 cxb4 14.axb4 Bxb4 15.Rb1
a5 16.Na2 Na6 17.Nd3 Ne4 18.Bxe4 dxe4 19.Naxb4 Nxb4 20.Nxb4 axb4 21.Rxb4 
Ba6 22.Qxd8 Rfxd8 23.Rxe4 Re8 24.Rxe8+ Rxe8 25.Re1 Rxe2 1/2-1/2

[Event "24th PKWN Festival it"]
[Site "Naleczow POL"]
[Date "1988.07.??"]
[Round "4"]
[White "Barbulescu, Dan"]
[Black "Pandavos, Emanouel"]
[Result "1-0"]
[WhiteElo "2445"]
[BlackElo "2410"]
[EventDate "1988.07.15"]
[PlyCount "65"]

1.e4 e5 2.Nf3 Nc6 3.Bb5 Nd4 4.Nxd4 exd4 5.O-O Bc5 6.d3 c6 7.Bc4 d5 8.exd5 
cxd5 9.Bb3 Ne7 10.c4 dxc3 11.Nxc3 O-O 12.Re1 d4 13.Ne4 Bb4 14.Bd2 Bxd2 15.
Qxd2 Nc6 16.Rac1 Bf5 17.Nc5 b6 18.Ba4 Na5 19.Qf4 Bc8 20.Ne4 Bd7 21.Bxd7 
Qxd7 22.Rc7 Qe6 23.Kf1 Qxa2 24.b4 Nb3 25.Nd6 a5 26.Nf5 Qd2 27.Qe5 f6 28.
Rxg7+ Kh8 29.Rxh7+ Kxh7 30.Qe7+ Kg6 31.Qg7+ Kxf5 32.Qh7+ Kg5 33.h4+ 1-0

[Event "24th PKWN Festival it"]
[Site "Naleczow POL"]
[Date "1988.07.??"]
[Round "4"]
[White "Przewoznik, Jan"]
[Black "Paunovic, Tomislav"]
[Result "1/2-1/2"]
[WhiteElo "2370"]
[BlackElo "2420"]
[EventDate "1988.07.15"]
[PlyCount "79"]

1.e4 c5 2.Nf3 d6 3.d4 cxd4 4.Nxd4 Nf6 5.Nc3 a6 6.Be2 e5 7.Nb3 Be7 8.Be3 
O-O 9.Qd2 Nbd7 10.O-O b6 11.Nd5 Nxd5 12.exd5 f5 13.f4 Nc5 14.Nxc5 bxc5 15.
b4 exf4 16.Bxf4 cxb4 17.Qxb4 a5 18.Qa3 Ba6 19.Bxa6 Rxa6 20.Rae1 Ra7 21.Re6
Rf6 22.Qe3 Qd7 23.c4 Rxe6 24.dxe6 Qc7 25.Bg5 g6 26.Bxe7 Qxe7 27.g4 Rc7 28.
gxf5 Rxc4 29.h3 gxf5 30.Rxf5 Rc5 31.Qg3+ Qg7 32.Qxg7+ Kxg7 33.e7 Rc8 34.
Rxa5 Kf7 35.Rh5 Rh8 36.Kf2 Kxe7 37.Ke3 Kd7 38.a4 Kc6 39.Kd4 Rf8 40.Rxh7 
1/2-1/2

[Event "24th PKWN Festival it"]
[Site "Naleczow POL"]
[Date "1988.07.??"]
[Round "4"]
[White "Schoen, Wolfram"]
[Black "Palkovi, Jozsef"]
[Result "0-1"]
[WhiteElo "2430"]
[BlackElo "2425"]
[EventDate "1988.07.15"]
[PlyCount "104"]

1.Nf3 Nf6 2.g3 d5 3.Bg2 c6 4.d3 Bg4 5.Nbd2 e6 6.O-O Nbd7 7.Qe1 Bd6 8.e4 
Qc7 9.b3 Bxf3 10.Nxf3 O-O 11.Bb2 dxe4 12.dxe4 e5 13.Qe2 Rfe8 14.Rfd1 Nf8 
15.Nd2 Bc5 16.Nc4 g6 17.a4 a5 18.Rd3 N6d7 19.Bh3 Nb6 20.Ne3 h5 21.Rad1 Be7
22.Bc3 Bb4 23.Bxb4 axb4 24.Qd2 Qe7 25.Rd6 Nc8 26.Rd8 Nb6 27.Rxe8 Rxe8 28.
a5 Na8 29.Nc4 Nc7 30.Nd6 Rb8 31.Nc8 Qe8 32.Nb6 Qe7 33.c3 bxc3 34.Qxc3 Nb5 
35.Qc4 Nd4 36.f4 Rd8 37.Kg2 Qa3 38.Qc3 Nb5 39.Qc2 Rxd1 40.Qxd1 Qxa5 41.Na4
Qb4 42.Qd3 exf4 43.gxf4 Nd4 44.Nb2 Nxb3 45.Nc4 Nc5 46.Qc2 Qe1 47.Nd6 Nfe6 
48.Bxe6 Nxe6 49.f5 Nf4+ 50.Kf3 g5 51.Nxb7 Nh3 52.Kg2 g4 0-1

[Event "24th PKWN Festival it"]
[Site "Naleczow POL"]
[Date "1988.07.??"]
[Round "4"]
[White "Tomaszewski, Roman"]
[Black "Petkevics, Juzefs"]
[Result "1-0"]
[WhiteElo "2360"]
[BlackElo "2465"]
[EventDate "1988.07.15"]
[PlyCount "117"]

1.d4 Nf6 2.c4 e6 3.Nc3 d5 4.cxd5 exd5 5.Bg5 Be7 6.e3 c6 7.Qc2 Nbd7 8.Bd3 
O-O 9.Nf3 Re8 10.O-O Nf8 11.Rae1 g6 12.Ne5 Ne6 13.f4 Ng7 14.f5 Nxf5 15.
Bxf5 Bxf5 16.Rxf5 gxf5 17.Qxf5 Qc8 18.Qf3 Qe6 19.Rf1 Ng4 20.Bxe7 Nxe5 21.
Qg3+ Ng6 22.Bg5 f5 23.h4 h5 24.Qf3 Kg7 25.Ne2 f4 26.Nxf4 Nxf4 27.Bxf4 Kg6 
28.Qd1 Rg8 29.Rf3 Kh7 30.Bg5 Rg7 31.Rf6 Qg4 32.Qxg4 hxg4 33.Rf4 Re8 34.Kf2
g3+ 35.Kf3 Kg8 36.Rg4 Kh7 37.Rxg3 Re4 38.Rg4 Rf7+ 39.Rf4 Rfxf4+ 40.Bxf4 b6
41.b4 c5 42.dxc5 bxc5 43.bxc5 Ra4 44.Be5 Rxh4 45.g4 Kg6 46.c6 Rh1 47.c7 
Rc1 48.Ke2 Kf7 49.g5 Kg6 50.Kd3 Rc4 51.e4 Rxc7 52.Bxc7 dxe4+ 53.Kxe4 Kxg5 
54.a4 Kf6 55.Kd5 Ke7 56.Kc6 Ke8 57.a5 a6 58.Kb7 Kd7 59.Bb6 1-0

[Event "24th PKWN Festival it"]
[Site "Naleczow POL"]
[Date "1988.07.??"]
[Round "5"]
[White "Andonov, Bogomil"]
[Black "Tomaszewski, Roman"]
[Result "1-0"]
[WhiteElo "2415"]
[BlackElo "2360"]
[EventDate "1988.07.15"]
[PlyCount "123"]

1.Nf3 Nf6 2.c4 c6 3.d4 d5 4.cxd5 cxd5 5.Nc3 Nc6 6.Bf4 e6 7.e3 Be7 8.Bd3 
O-O 9.h3 Nh5 10.Bh2 f5 11.Ne5 Nf6 12.O-O Nxe5 13.Bxe5 Bd7 14.Rc1 Bc6 15.f3
a6 16.g4 Nd7 17.Bh2 Bg5 18.Qd2 g6 19.Kh1 Qe7 20.Rce1 Rf7 21.Qg2 Kh8 22.Rg1
Bh6 23.f4 Bg7 24.Bg3 Nc5 25.Be2 Ne4 26.Nxe4 dxe4 27.gxf5 exf5 28.Bc4 Rff8 
29.Rc1 Rfc8 30.Rc2 Ba4 31.b3 Bd7 32.Rgc1 Qd6 33.Be1 Bf6 34.Qd2 Rc6 35.Qb4 
Qxb4 36.Bxb4 Rac8 37.d5 Rb6 38.a3 g5 39.fxg5 Bxg5 40.Rg2 Rg6 41.Rcg1 b5 
42.Rxg5 bxc4 43.Bc3+ Kg8 44.Rxg6+ hxg6 45.Rxg6+ Kf7 46.Rg7+ Ke8 47.b4 f4 
48.h4 f3 49.h5 Bf5 50.h6 Rd8 51.h7 Bxh7 52.Rxh7 Rxd5 53.Bd4 Rg5 54.Rh2 Kd7
55.Rc2 Ke6 56.Rxc4 Rg2 57.a4 Kf5 58.Rc1 Ra2 59.b5 axb5 60.axb5 Kg4 61.b6 
Kh3 62.b7 1-0

[Event "24th PKWN Festival it"]
[Site "Naleczow POL"]
[Date "1988.07.??"]
[Round "5"]
[White "Palkovi, Jozsef"]
[Black "Przewoznik, Jan"]
[Result "1/2-1/2"]
[WhiteElo "2425"]
[BlackElo "2370"]
[EventDate "1988.07.15"]
[PlyCount "82"]

1.e4 c5 2.Nf3 Nc6 3.d4 cxd4 4.Nxd4 e5 5.Nb5 d6 6.c4 Be6 7.N1c3 a6 8.Na3 
Rc8 9.Be2 Nd4 10.Be3 Nxe2 11.Qxe2 Nf6 12.f3 Be7 13.O-O O-O 14.Rfd1 Nh5 15.
Nd5 Bg5 16.Qd2 Bxe3+ 17.Qxe3 Bxd5 18.Rxd5 Nf4 19.Rd2 Qc7 20.Rad1 Rfd8 21.
b3 Qa5 22.Nc2 b5 23.b4 Qa4 24.c5 Ne6 25.Qd3 dxc5 26.Qxd8+ Rxd8 27.Rxd8+ 
Nf8 28.Rc8 Qxc2 29.Rdd8 g6 30.Rxf8+ Kg7 31.bxc5 b4 32.h3 Qxa2 33.c6 Qc2 
34.c7 b3 35.Rb8 Qxc7 36.Rg8+ Kh6 37.Rxb3 Qc1+ 38.Kh2 Qf4+ 39.Kg1 Qc1+ 40.
Kh2 Qf4+ 41.Kg1 Qc1+ 1/2-1/2

[Event "24th PKWN Festival it"]
[Site "Naleczow POL"]
[Date "1988.07.??"]
[Round "5"]
[White "Paunovic, Tomislav"]
[Black "Gdanski, Jacek"]
[Result "1-0"]
[WhiteElo "2420"]
[BlackElo "2395"]
[EventDate "1988.07.15"]
[PlyCount "61"]

1.c4 c5 2.Nf3 g6 3.d4 Bg7 4.e3 Nf6 5.Be2 O-O 6.O-O b6 7.Nc3 d6 8.b3 Bb7 9.
Bb2 e6 10.Rc1 Qe7 11.Rc2 Nbd7 12.Rd2 Rfd8 13.Qa1 a6 14.Rfd1 Rac8 15.dxc5 
dxc5 16.Ne1 Ne8 17.Bf3 Bxf3 18.Nxf3 Ne5 19.Nxe5 Bxe5 20.f4 Bxc3 21.Bxc3 
Rxd2 22.Rxd2 Rd8 23.Qd1 Rxd2 24.Qxd2 Kf8 25.e4 Qb7 26.Qd3 Ke7 27.e5 Ng7 
28.g4 h5 29.h3 hxg4 30.hxg4 Qc7 31.Qd6+ 1-0

[Event "24th PKWN Festival it"]
[Site "Naleczow POL"]
[Date "1988.07.??"]
[Round "5"]
[White "Petkevics, Juzefs"]
[Black "Barbulescu, Dan"]
[Result "1/2-1/2"]
[WhiteElo "2465"]
[BlackElo "2445"]
[EventDate "1988.07.15"]
[PlyCount "88"]

1.e4 e6 2.d3 d5 3.Nd2 Nf6 4.Ngf3 b6 5.e5 Nfd7 6.d4 c5 7.c3 Be7 8.Be2 Ba6 
9.O-O Bxe2 10.Qxe2 O-O 11.c4 dxc4 12.Nxc4 Nc6 13.dxc5 Nxc5 14.Rd1 Qc7 15.
Bf4 Rad8 16.Nd6 Rd7 17.Rd2 Rfd8 18.Rad1 Nb7 19.Nd4 Nxd4 20.Rxd4 Qb8 21.h3 
h6 22.b4 Nxd6 23.exd6 Bf6 24.Be5 Bxe5 25.Qxe5 Qc8 26.Rg4 g6 27.Rgd4 Qc2 
28.a3 a5 29.bxa5 Qc5 30.Qe3 bxa5 31.Qd3 a4 32.Qa6 Qxa3 33.Rxa4 Qc5 34.Rad4
Qa7 35.Qc6 Qa3 36.Qb6 Qa7 37.Qb4 Qa6 38.Qd2 h5 39.Qf4 Qb5 40.Qf6 Qf5 41.
Qh4 Qe5 42.Re4 Qc5 43.Rc4 Qe5 44.Re4 Qc5 1/2-1/2

[Event "24th PKWN Festival it"]
[Site "Naleczow POL"]
[Date "1988.07.??"]
[Round "5"]
[White "Solozhenkin, Evgeniy"]
[Black "Schoen, Wolfram"]
[Result "1-0"]
[WhiteElo "2400"]
[BlackElo "2430"]
[EventDate "1988.07.15"]
[PlyCount "81"]

1.e4 e6 2.d4 d5 3.Nd2 dxe4 4.Nxe4 Nf6 5.Nxf6+ gxf6 6.Be3 Nd7 7.d5 e5 8.Qh5
Nb6 9.O-O-O Qd7 10.Nf3 Be7 11.h3 Qa4 12.Kb1 Nc4 13.Bxc4 Qxc4 14.Rhe1 Bd7 
15.Bh6 O-O-O 16.Qxf7 Bb4 17.Nd2 Bxd2 18.Rxd2 Rhg8 19.Bg7 Qf4 20.Kc1 Bc6 
21.Re3 Qc4 22.b3 Bxd5 23.Qxf6 Qf4 24.g3 Qxf6 25.Bxf6 Rdf8 26.Rxd5 Rxf6 27.
Rexe5 Rxf2 28.Re7 Rf3 29.Kb2 Kb8 30.Rg5 Rd8 31.Rxh7 Rf6 32.Rc5 Rc8 33.g4 
b6 34.Rc4 Kb7 35.g5 Rf2 36.Rg4 Re8 37.g6 b5 38.g7 Ree2 39.g8=Q Rxc2+ 40.
Ka3 a5 41.Qd5+ 1-0

[Event "24th PKWN Festival it"]
[Site "Naleczow POL"]
[Date "1988.07.??"]
[Round "5"]
[White "Szymczak, Zbigniew"]
[Black "Hawelko, Marek"]
[Result "1-0"]
[WhiteElo "2340"]
[BlackElo "2410"]
[EventDate "1988.07.15"]
[PlyCount "81"]

1.d4 Nf6 2.c4 e6 3.Nf3 b6 4.Nc3 Bb7 5.a3 d5 6.cxd5 Nxd5 7.Qc2 Be7 8.Bd2 
Nd7 9.e4 Nxc3 10.Bxc3 O-O 11.Rd1 Qc8 12.Bd3 Ba6 13.O-O Bxd3 14.Qxd3 Qb7 
15.Rfe1 Rad8 16.Qe3 Bf6 17.e5 Be7 18.h4 c5 19.h5 h6 20.Nd2 cxd4 21.Bxd4 
Nc5 22.b4 Qd5 23.Nf1 Na4 24.Ng3 Bg5 25.Qe2 Qb3 26.Ne4 Qxa3 27.Nxg5 hxg5 
28.Qd2 Qb3 29.Qxg5 Kh7 30.Rd2 Rg8 31.Be3 Rxd2 32.Bxd2 Qd3 33.Rc1 Qd8 34.
Qf4 Nb2 35.Be3 Qd7 36.h6 g5 37.Qe4+ Rg6 38.Qb1 Na4 39.Bxg5 Qd4 40.Rc7 Kg8 
41.Qxg6+ 1-0

[Event "24th PKWN Festival it"]
[Site "Naleczow POL"]
[Date "1988.07.??"]
[Round "6"]
[White "Gdanski, Jacek"]
[Black "Palkovi, Jozsef"]
[Result "1/2-1/2"]
[WhiteElo "2395"]
[BlackElo "2425"]
[EventDate "1988.07.15"]
[PlyCount "24"]

1.e4 d5 2.exd5 Nf6 3.c4 c6 4.d4 cxd5 5.Nc3 Nc6 6.Bg5 Be6 7.Nf3 Ne4 8.Nxe4 
dxe4 9.d5 exf3 10.dxe6 Qa5+ 11.Qd2 Qe5+ 12.Qe3 Qa5+ 1/2-1/2

[Event "24th PKWN Festival it"]
[Site "Naleczow POL"]
[Date "1988.07.??"]
[Round "6"]
[White "Hawelko, Marek"]
[Black "Pandavos, Emanouel"]
[Result "1/2-1/2"]
[WhiteElo "2410"]
[BlackElo "2410"]
[EventDate "1988.07.15"]
[PlyCount "41"]

1.e4 e5 2.Nf3 Nc6 3.Bc4 Nf6 4.d3 Bc5 5.O-O h6 6.c3 Bb6 7.Nbd2 O-O 8.Re1 d6
9.Bb3 a6 10.Nc4 Ba7 11.Be3 b5 12.Ncd2 Na5 13.Bc2 Bxe3 14.Rxe3 c5 15.h3 Qc7
16.Nh4 Nc6 17.Rg3 Ne7 18.Nf1 Kh7 19.Ne3 g6 20.Rf3 Nh5 21.Kh2 1/2-1/2

[Event "24th PKWN Festival it"]
[Site "Naleczow POL"]
[Date "1988.07.??"]
[Round "6"]
[White "Przewoznik, Jan"]
[Black "Solozhenkin, Evgeniy"]
[Result "1-0"]
[WhiteElo "2370"]
[BlackElo "2400"]
[EventDate "1988.07.15"]
[PlyCount "81"]

1.e4 Nf6 2.e5 Nd5 3.d4 d6 4.Nf3 Bg4 5.Be2 e6 6.O-O Be7 7.c4 Nb6 8.h3 Bh5 
9.Be3 O-O 10.Nbd2 Nc6 11.exd6 cxd6 12.Rc1 d5 13.c5 Nc8 14.b4 a6 15.Qb3 Bf6
16.a4 a5 17.b5 Nb4 18.Bf4 h6 19.Rfe1 Ne7 20.Bd6 Re8 21.Ne5 Bxe2 22.Bxe7 
Rxe7 23.Rxe2 Bxe5 24.Rxe5 Qc7 25.Rce1 Rae8 26.Qc3 f6 27.R5e3 e5 28.Nb3 e4 
29.b6 Qd7 30.Nxa5 Nd3 31.Ra1 Re6 32.c6 bxc6 33.Nb3 Qd8 34.a5 Qb8 35.Nc5 
Nxc5 36.Qxc5 f5 37.a6 f4 38.Rea3 e3 39.a7 exf2+ 40.Kxf2 Qd8 41.a8=Q 1-0

[Event "24th PKWN Festival it"]
[Site "Naleczow POL"]
[Date "1988.07.??"]
[Round "6"]
[White "Schoen, Wolfram"]
[Black "Szymczak, Zbigniew"]
[Result "1-0"]
[WhiteElo "2430"]
[BlackElo "2340"]
[EventDate "1988.07.15"]
[PlyCount "113"]

1.d4 Nf6 2.c4 c5 3.d5 g6 4.Nc3 Bg7 5.e4 d6 6.f4 O-O 7.Nf3 e6 8.Be2 exd5 9.
cxd5 Bg4 10.e5 Ne8 11.Ng5 Bc8 12.e6 fxe6 13.dxe6 Nc7 14.O-O Nc6 15.f5 Rxf5
16.Rxf5 gxf5 17.Bc4 Qe7 18.Bf4 Bd4+ 19.Kh1 Ne5 20.Bxe5 Bxe5 21.Qh5 Nxe6 
22.Rf1 Bd7 23.Rxf5 Rf8 24.Bxe6+ Bxe6 25.Rxf8+ Kxf8 26.Qh6+ Ke8 27.Qxe6 
Qxe6 28.Nxe6 Kd7 29.Ng5 b5 30.Nf3 Bg7 31.Kg1 b4 32.Nd1 c4 33.Ne3 b3 34.
axb3 cxb3 35.Nd1 a5 36.Nd2 a4 37.Nb1 Bd4+ 38.Kf1 Be5 39.h3 Kc6 40.Ndc3 d5 
41.Ke2 d4 42.Nd1 Kd5 43.Nf2 Bf4 44.Nd3 Be3 45.Kf3 Bg5 46.g4 Be7 47.Kf4 h6 
48.Kf5 Bg5 49.Na3 Be7 50.Nb1 Bg5 51.Nf4+ Kc4 52.Na3+ Kb4 53.Nd3+ Ka5 54.
Ke5 Be3 55.Kd5 Kb6 56.Kc4 Kc6 57.Nb5 1-0

[Event "24th PKWN Festival it"]
[Site "Naleczow POL"]
[Date "1988.07.??"]
[Round "6"]
[White "Tomaszewski, Roman"]
[Black "Barbulescu, Dan"]
[Result "0-1"]
[WhiteElo "2360"]
[BlackElo "2445"]
[EventDate "1988.07.15"]
[PlyCount "112"]

1.d4 Nf6 2.c4 e6 3.Nc3 Bb4 4.Qc2 c5 5.dxc5 O-O 6.a3 Bxc5 7.Nf3 Be7 8.Bf4 
a6 9.e4 Nc6 10.e5 Nh5 11.Be3 f5 12.exf6 Nxf6 13.Bd3 Qa5 14.O-O Qh5 15.Bf4 
Ne4 16.Bxe4 Rxf4 17.Rad1 d6 18.Ne2 Rf7 19.Ng3 Qh6 20.Qb3 Nd8 21.Qa4 Bf8 
22.Qa5 Nc6 23.Qb6 Qf6 24.Rfe1 g6 25.Re2 Qd8 26.Qe3 Qc7 27.h4 Ne7 28.Qd3 
Nf5 29.Ng5 Rg7 30.Bxf5 gxf5 31.Nh5 Re7 32.Qxd6 Qxc4 33.Red2 h6 34.Nf3 Rf7 
35.Qd8 Qc7 36.Nf6+ Kh8 37.Qxc7 Rxc7 38.Rd8 Rf7 39.Rc1 Rxf6 40.Ne5 Kh7 41.
Rc7+ Bg7 42.Rcxc8 Rxc8 43.Rxc8 Rf8 44.Rc7 b5 45.b3 Rd8 46.f4 Rd1+ 47.Kf2 
Ra1 48.Re7 Rxa3 49.Rxe6 a5 50.Ra6 a4 51.Ra7 Rxb3 52.g4 Rb4 53.Ke3 a3 54.
Rxa3 Bxe5 55.fxe5 Rxg4 56.h5 Rg3+ 0-1